00614nam a22001697a 450000500170000001000130001702000260003003500110005603700130006708200100008010000490009024501140013924600770025326000470033027000440037730000230042120210825130517.0 aUR-11210 c350.00a9789387884427 aU-9765 bDBAD/PUB a921.8 aظفر عبد الر ؤ ف ر حما نی  aپر و فيسر لطف الر حمن فن ا و ر شخصيت cظفر عبد الر ؤ ف ر حما نی  aProf. Lutfur Rahman: Fann Aur Shakhsiyat (Urdu)bby Zafar Abdur Rahmani  aDelhic2018 ءbCreatyve Star Publications aJamia Nagar,bNew Delhie25l8851148278 a512 ص c22 Cm(Hb)